История династии Романовых: сборник; Представление книги; Господа Романовы; Возвращение к истокам; Отречение Николая II

Bibliografiske detaljer
Sprog:russisk
Udgivet: Москва, Т-Око, 1991
TOC:В. Сироткин, Представление книги;
М. Евгеньева, Господа Романовы;
В. Козлов, Возвращение к истокам;
Отречение Николая II;
Serier:Исторические портреты
Fag:
Format: Bog
KOHA link:https://koha.lib.tpu.ru/cgi-bin/koha/opac-detail.pl?biblionumber=16448

MARC

LEADER 00000nam0a2200000 4500
001 16448
005 20250722164336.0
010 |a 586282007 
035 |a (RuTPU)RU\TPU\book\16572 
035 |a BOOK00016642 
090 |a 16448 
100 |a 20011209d1991 km y0rusy50 ca 
101 0 |a rus 
102 |a RU 
105 |a ac z 000zc 
200 1 |a История династии Романовых  |e сборник 
210 |a Москва  |c Т-Око  |d 1991 
215 |a 174 с. 
225 1 |a Исторические портреты 
464 |t Представление книги  |f В. Сироткин 
464 |t Господа Романовы  |o история династии  |f М. Евгеньева 
464 |t Возвращение к истокам  |o штрихи к "портрету" династии  |f В. Козлов 
464 |t Отречение Николая II  |o воспоминания современников, документы 
600 0 |a Екатерина Великая  |d II  |f 1729-1796  |c российская императрица с 1762  |c урожденная Софья Фредерика Августа Анхельт-Цербстская  |2 stltpui  |3 (RuTPU)RU\TPU\pers\98 
600 0 |a Елизавета Петровна  |f 1709-1761/1762  |c российская императрица с 1741  |c дочь Петра I  |2 stltpush  |3 (RuTPU)RU\TPU\pers\6024 
600 0 |a Николай  |d I  |c российский император из династии Романовых  |f 1796-1855  |2 stltpush  |3 (RuTPU)RU\TPU\pers\7201 
600 0 |a Николай  |d II  |f 1868-1918  |c последний российский император  |c из династии Романовых  |2 stltpui  |3 (RuTPU)RU\TPU\pers\336 
600 0 |a Павел  |d I  |f 1754-1801  |c российский император  |c из династии Романовых  |2 stltpui  |3 (RuTPU)RU\TPU\pers\358 
600 0 |a Петр Великий  |d I  |f 1672-1725  |c российский царь из династии Романовых  |c первый российский император  |2 stltpui  |3 (RuTPU)RU\TPU\pers\365 
600 0 |a Петр  |d II  |c российский император из династии Романовых  |c сын царевича Алексея Петровича  |f 1715-1730  |2 stltpui  |3 (RuTPU)RU\TPU\pers\671 
602 |a Романовы  |f 1613-1917  |c боярский род, царская фамилия с 1613, императорская фамилия с 1721 по 1917  |9 200 
606 |a Россия  |x История  |z 9 век-1917  |9 81648 
610 1 |a русские царские династии 
686 |a Т3(2)4/5  |2 rubbk 
801 0 |a RU  |b 63413507  |c 20011209  |g PSBO 
801 2 |a RU  |b 63413507  |c 20120927  |g PSBO 
850 |a 63413507 
942 |c BK